Preprava tovaru po mori sa bude zdražovať
Prepad medzinárodného obchodu a snaha prepravcov pokryť straty. Vyššie ceny prepravy po mori. Obmedzenie počtu lodí a rušenie liniek. Kalkulácie lodných firiem. Názory na ďalší vývoj.
Guardado en:
| Autor principal: | |
|---|---|
| Formato: | Capítulo de libro |
| Lenguaje: | eslovaco |
| Materias: | |
| Etiquetas: |
Sin Etiquetas, Sea el primero en etiquetar este registro!
|
MARC
| LEADER | 00000naa$a2200000$$$4500 | ||
|---|---|---|---|
| 001 | 0108297 | ||
| 005 | 20231108135423.8 | ||
| 041 | 0 | |a slo | |
| 044 | |a SK | ||
| 245 | 1 | 0 | |a Preprava tovaru po mori sa bude zdražovať |c Zdenka Adamčíková |
| 520 | |a Prepad medzinárodného obchodu a snaha prepravcov pokryť straty. Vyššie ceny prepravy po mori. Obmedzenie počtu lodí a rušenie liniek. Kalkulácie lodných firiem. Názory na ďalší vývoj. | ||
| 610 | 2 | 0 | |a doprava námorná |
| 610 | 2 | 0 | |a doprava lodná |
| 610 | 2 | 0 | |a ceny |
| 610 | 2 | 0 | |a spoločnosti |
| 610 | 2 | 0 | |a tovar |
| 610 | 2 | 0 | |a prístavy |
| 610 | 2 | 0 | |a kontajnery |
| 100 | 1 | |a Adamčíková, Zdenka | |